| 000 | 00708nam a2200265Ia 4500 | ||
|---|---|---|---|
| 008 | 160803s9999 xx 000 0 und d | ||
| 020 | _a0 590331558 | ||
| 100 | _aWilliams, Vera B. | ||
| 245 | 2 | _aA chair for my mother / | |
| 245 | _cby Vera B. Williams. | ||
| 260 | _aNew York : | ||
| 260 | _bScholastic Inc. | ||
| 260 | _c1982 | ||
| 300 | _a[28] unnumbered pages : | ||
| 300 | _bcolor illustrations ; | ||
| 300 | _c21 x 24 cm | ||
| 500 | _aOriginally published: New York : Greenwillow Books, c1982. | ||
| 650 | _aChairs -- | ||
| 650 | _aFamily life -- | ||
| 650 | _aSaving and investment -- | ||
| 650 | _xFiction. | ||
| 650 | _xFiction. | ||
| 650 | _xFiction. | ||
| 700 | _a640 | ||
| 999 |
_c298984 _d298984 |
||